| 000 | 01656nam a2200445Ii 4500 | ||
|---|---|---|---|
| 001 | DIGAKAL0583 | ||
| 003 | NyNyDIG | ||
| 006 | m o d | ||
| 008 | 210916s2019 sp ah ob 000 0 spa d | ||
| 007 | cr ||||||||||| | ||
| 035 | _a(OCoLC)1287836244 | ||
| 040 |
_aDGITA _beng _erda _epn _cDGITA |
||
| 020 |
_a9788446048138 _qeBook |
||
| 020 | _z9788446047933 | ||
| 043 | _ae-sp--- | ||
| 050 | 1 | 4 | _aHX39.5.A53 ebook |
| 100 | 1 |
_aLiria, Carlos F. _q(Carlos Fernández), _eauthor. |
|
| 245 | 1 | 0 |
_aMarx 1857 : _bel problema del método y la dialéctica / _cCarlos Fernández Liria. |
| 264 | 1 |
_aTres Cantos, Madrid, España : _bAkal, _c[2019] |
|
| 300 |
_a1 online resource : _billustrations, facsimiles. |
||
| 336 |
_atext _btxt _2rdacontent |
||
| 337 |
_acomputer _bc _2rdamedia |
||
| 338 |
_aonline resource _bcr _2rdacarrier |
||
| 347 |
_atext file _2rdaft |
||
| 347 | _bEPUB | ||
| 490 | 1 |
_aAkal / Pensamiento crítico ; _v80 |
|
| 504 | _aIncludes bibliographical references. | ||
| 588 | 0 | _aOnline resource; title from ePub title page (Digitalia, viewed September 16, 2021) | |
| 600 | 1 | 0 |
_aMarx, Karl, _d1818-1883. |
| 650 | 0 | _aMarxian economics. | |
| 650 | 0 | _aDialectical materialism. | |
| 655 | 0 | _aElectronic books. | |
| 791 | 2 |
_aDigitalia (Firm), _edistributor. |
|
| 793 | 0 |
_gDigitalia eBook Collection: _aAkal |
|
| 776 | 0 | 8 |
_iPrint version: _aLiria, Carlos F. (Carlos Fernández). _tMarx 1857. _dTres Cantos : Akal, ©2019 _z9788446047933 |
| 830 | 0 |
_aPensamiento crítico (Akal Editor) ; _v80. |
|
| 856 | 4 | 0 |
_3Digitalia Hispánica _uhttps://www.digitaliapublishing.com/a/63478/ |
| 910 | _aPremium collection: 2021 | ||
| 942 | _cRAA | ||
| 999 |
_c259275 _d259275 |
||